Lectures on public economics / (Record no. 644)

MARC details
000 -LEADER
fixed length control field 00937cam a2200301 i 4500
001 - CONTROL NUMBER
control field 1338042
005 - DATE AND TIME OF LATEST TRANSACTION
control field 20230606120613.0
008 - FIXED-LENGTH DATA ELEMENTS--GENERAL INFORMATION
fixed length control field 790906s1980 enk b 001 0 eng
010 ## - LIBRARY OF CONGRESS CONTROL NUMBER
LC control number 79040854
015 ## - NATIONAL BIBLIOGRAPHY NUMBER
National bibliography number GB80
020 ## - INTERNATIONAL STANDARD BOOK NUMBER
International Standard Book Number 0070841055
020 ## - INTERNATIONAL STANDARD BOOK NUMBER
International Standard Book Number 0070841063 (pbk.)
040 ## - CATALOGING SOURCE
Original cataloging agency DLC
Transcribing agency DLC
Modifying agency DLC
050 00 - LIBRARY OF CONGRESS CALL NUMBER
Classification number HJ141
Item number .A74
082 00 - DEWEY DECIMAL CLASSIFICATION NUMBER
Classification number 336
Item number ATK
100 1# - MAIN ENTRY--PERSONAL NAME
Personal name Atkinson, A. B.
Fuller form of name (Anthony Barnes),
Dates associated with a name 1944-2017.
245 10 - TITLE STATEMENT
Title Lectures on public economics /
Statement of responsibility, etc. Anthony B. Atkinson, Joseph E. Stiglitz.
260 ## - PUBLICATION, DISTRIBUTION, ETC. (IMPRINT)
Place of publication, distribution, etc. London ;
-- New York :
Name of publisher, distributor, etc. McGraw-Hill Book Co.,
Date of publication, distribution, etc. c1980.
300 ## - PHYSICAL DESCRIPTION
Extent xvi, 619 p. :
Other physical details graphs ;
Dimensions 23 cm.
500 ## - GENERAL NOTE
General note Includes indexes.
504 ## - BIBLIOGRAPHY, ETC. NOTE
Bibliography, etc Bibliography: p. 577-604.
650 #0 - SUBJECT ADDED ENTRY--TOPICAL TERM
Topical term or geographic name as entry element Finance, Public.
650 #0 - SUBJECT ADDED ENTRY--TOPICAL TERM
Topical term or geographic name as entry element Welfare economics.
700 1# - ADDED ENTRY--PERSONAL NAME
Personal name Stiglitz, Joseph E.,
Relator term joint author.
906 ## - LOCAL DATA ELEMENT F, LDF (RLIN)
a 7
b cbc
c orignew
d 1
e ocip
f 19
g y-gencatlg
942 ## - ADDED ENTRY ELEMENTS (KOHA)
Source of classification or shelving scheme Dewey Decimal Classification
Koha item type Books
Holdings
Withdrawn status Lost status Source of classification or shelving scheme Damaged status Not for loan Home library Current library Date acquired Total Checkouts Full call number Barcode Date last seen Price effective from Koha item type
    Dewey Decimal Classification     Bunge Tower Library Bunge Tower Library 06/06/2023   336 ATK 1000062 06/06/2023 06/06/2023 Books
LIBRARY OPENING HOURS

When the Parliament is sitting: 8.00a.m - 7.00p.m or until the house adjourns
Mondays and Fridays and when the House is on Recess:  8.00a.m - 5.00p.m
Closed on Weekends and Public Holidays

Online Public Access Catalog (OPAC)
Website: http://www.parliament.go.ke
Bunge Library: https://libraryir.parliament.go.ke
Contact: library@parliament.go.ke | Tel no: (254-2)2221291 or 2848000 Ext 5043